000 00294nam a22001337a 4500
008 171202b xxu||||| |||| 00| 0 eng d
020 _a9780060391638
041 _aeng
080 _a32
100 _a18
101 _aSHP
245 _aSLOUCHING TOWARDS GOMORRAH
_cBORK, R.H
942 _2udc
_cBK
999 _c38752
_d38752